Loading...

Cacti: a gardenr's handbook for their identification and cultivation

Bibliographic Details
Main Author: Borg, J
Format: Printed Book
Language:Undetermined
English
Published: Poole Blandford Press 1976
Subjects:
LEADER 00571nam a2200169Ia 4500
008 140306s9999 xx 000 0 und d
041 |a eng 
082 |a 635  |b BOR/CA 
100 |a Borg, J 
245 |a Cacti: a gardenr's handbook for their identification and cultivation 
260 |a Poole  |b Blandford Press  |c 1976 
300 |a 512 
365 |b Rs .170 .00 
650 |a Floriculture 
942 |2 ddc  |c BK 
999 |c 107381  |d 107381 
952 |0 0  |1 0  |2 ddc  |4 0  |6 635_000000000000000_BORCA  |7 0  |9 104531  |a KAUHCV  |b KAUHCV  |d 2004-03-19  |g 170.00  |o 635 BOR/CA  |p KAU_HCV-11754  |r 2014-03-22  |w 2014-03-22  |y BK